MARC details
| 000 -LEADER |
| campo de control de longitud fija |
01727nam a2200277 i 4500 |
| 001 - NÚMERO DE CONTROL |
| campo de control |
162620 |
| 003 - IDENTIFICADOR DE NÚMERO DE CONTROL |
| campo de control |
ES-MaACL |
| 005 - FECHA Y HORA DE LA ÚLTIMA TRANSACCIÓN |
| campo de control |
20250911063559.0 |
| 008 - DATOS DE LONGITUD FIJA--INFORMACIÓN GENERAL |
| campo de control de longitud fija |
990325m17901796fr af |||| | fre d |
| 100 1# - ENTRADA PRINCIPAL--NOMBRE DE PERSONA |
| Nombre de persona |
Prony, Gaspard-Clair-François-Marie Riche de, |
| Fechas asociadas al nombre |
1755-1839 |
| 9 (RLIN) |
152207 |
| 245 10 - MENCIÓN DEL TÍTULO |
| Título |
Nouvelle architecture hydraulique : |
| Resto del título |
contenant l'art d'élever l'eau au moyen de différentes machines, de construire dans ce fluide, de le diriger, et généralement de l'appliquer, de diverses manieres, aux besoins de la société / |
| Mención de responsabilidad, etc. |
par M. Gaspard Clair François Marie Riche de Prony... |
| 260 ## - PUBLICACIÓN, DISTRIBUCIÓN, ETC. |
| Lugar de publicación, distribución, etc. |
A Paris : |
| Nombre del editor, distribuidor, etc. |
chez Firmin Didot, Libraire, |
| Fecha de publicación, distribución, etc. |
1790-1796 ( |
| Fabricante |
De l'Imprimerie de Didot fils ainé ...) |
| 300 ## - DESCRIPCIÓN FÍSICA |
| Extensión |
2 v. (XII, 621, [3], 72 p., 15 h. de grab. pleg. ; [2], 203, [1], 38 p., 52 h. de grab. pleg., II h. de grab. pleg. ; |
| Dimensiones |
4º (29 cm) |
| 505 8# - NOTA DE CONTENIDO CON FORMATO |
| Nota de contenido con formato |
Contiene: I. Premiere partie. Contenant un traité de mécanique a l'usage de ceux qui se destinent aux constructions de tous les genres, et des Artistes en général -- II. Seconde partie. Contenant la description détaillée des machines a feu |
| 530 ## - NOTA DISPONIBLE DE FORMULARIO FÍSICO ADICIONAL |
| Nota de formato físico adicional disponible |
Disponible en formato digital. |
| 596 ## - NOTA AL PIE DE IMPRENTA |
| NOTA AL PIE DE IMPRENTA |
Marca tip. en port. |
| 597 ## - NOTA DE DESCRIPCIÓN FÍSICA |
| NOTA DE DESCRIPCIÓN FÍSICA |
Sign.: [ ]2, b4, A-Z4, 2A-2Z4, 3A-3Z4, 4A-4I4, a-i4. |
| 597 ## - NOTA DE DESCRIPCIÓN FÍSICA |
| NOTA DE DESCRIPCIÓN FÍSICA |
Antep. |
| 597 ## - NOTA DE DESCRIPCIÓN FÍSICA |
| NOTA DE DESCRIPCIÓN FÍSICA |
Apostillas marginales. |
| 599 ## - NOTA A LAS ILUSTRACIONES |
| NOTA A LAS ILUSTRACIONES |
Las h. de grab. calc.: Bernard Sculpsit. |
| 650 #7 - PUNTO DE ACCESO ADICIONAL DE MATERIA--TÉRMINO DE MATERIA |
| Término de materia o nombre geográfico como elemento de entrada |
Ingeniería hidráulica |
| Fuente del encabezamiento o término |
embne |
| 9 (RLIN) |
136287 |
| 650 #4 - PUNTO DE ACCESO ADICIONAL DE MATERIA--TÉRMINO DE MATERIA |
| Término de materia o nombre geográfico como elemento de entrada |
Obras hidráulicas. |
| 9 (RLIN) |
15671 |
| 852 4# - LOCALIZACIÓN |
| Ubicación |
ES-MaACL |
| Número de control de estantería |
R-1093-94 |
| Nota libre |
- Enc. perg., no original de la época |
| Encuadernación |
Olim: G-11624-5 |
| 856 4# - LOCALIZACIÓN Y ACCESO ELECTRÓNICOS |
| Identificador Uniforme de Recursos |
<a href="http://bibliotecavirtualdefensa.es/BVMDefensa/es/consulta/registro.do?id=82132">http://bibliotecavirtualdefensa.es/BVMDefensa/es/consulta/registro.do?id=82132</a> |
| Nota pública |
Biblioteca Virtual de Defensa |